[Event "World Rapid 2022"]
[Site "Almaty KAZ"]
[Date "2022.12.27"]
[Round "7.87"]
[White "Abdilkhair, Abilmansur"]
[Black "Amangeldy, Ernur"]
[Result "1-0"]
[WhiteTitle "FM"]
[WhiteElo "2278"]
[BlackElo "2097"]
[WhiteFideId "13716417"]
[BlackFideId "13720244"]
[EventDate "2022.12.26"]

1. e4 c5 2. Nf3 Nc6 3. d4 cxd4 4. Nxd4 Nf6 5. Nc3 e5 6. Ndb5 d6 7. Bg5 a6 8.
Bxf6 gxf6 9. Na3 b5 10. Nd5 f5 11. g3 Bg7 12. exf5 Bxf5 13. Bg2 Rc8 14. c3 O-O
15. Nc2 Bg6 16. h4 h6 17. h5 Bh7 18. O-O e4 19. Re1 Re8 20. a4 Na5 21. axb5 axb5
22. Bh3 Rb8 23. Nd4 Bxd4 24. Qxd4 Re5 25. Rxa5 Qxa5 26. Nf6+ Kg7 27. Qxd6 b4 28.
Qxb8 1-0

[Event "World Rapid 2022"]
[Site "Almaty KAZ"]
[Date "2022.12.27"]
[Round "7.88"]
[White "Shishkov, Andrei"]
[Black "Everett, Elijah"]
[Result "1/2-1/2"]
[WhiteTitle "IM"]
[WhiteElo "2340"]
[BlackElo "2202"]
[WhiteFideId "4500563"]
[BlackFideId "12973696"]
[EventDate "2022.12.26"]

1. d4 Nf6 2. c4 g6 3. f3 Bg7 4. e4 d6 5. Nc3 O-O 6. Be3 Nc6 7. Qd2 a6 8. O-O-O
b5 9. h4 h5 10. g4 hxg4 11. h5 Nxh5 12. cxb5 axb5 13. Bxb5 Na5 14. Bh6 e5 15.
Bxg7 Kxg7 16. dxe5 gxf3 17. Nxf3 Bg4 18. Qg2 Bxf3 19. Qxf3 Qg5+ 20. Kb1 Qxe5 21.
Rdg1 Nf6 22. Rh4 c6 23. Be2 Nb7 24. Rf4 Nc5 25. Rf1 Ncd7 26. Bc4 Rab8 27. Bb3
Rb4 28. Qg2 Rh8 29. Qf2 Rh3 30. Qg2 Re3 31. Qf2 Rd3 32. Qe2 Rh3 33. Qg2 Re3 34.
Qf2 Rh3 35. Qg2 Re3 1/2-1/2

[Event "World Rapid 2022"]
[Site "Almaty KAZ"]
[Date "2022.12.27"]
[Round "8.2"]
[White "Abdusattorov, Nodirbek"]
[Black "Fedoseev, Vladimir3"]
[Result "1/2-1/2"]
[WhiteTitle "GM"]
[BlackTitle "GM"]
[WhiteElo "2713"]
[BlackElo "2688"]
[WhiteFideId "14204118"]
[BlackFideId "24130737"]
[EventDate "2022.12.26"]

1. c4 e6 2. Nc3 d5 3. d4 c6 4. e3 Nf6 5. Nf3 Nbd7 6. Be2 dxc4 7. a4 Bd6 8. O-O
O-O 9. Bxc4 c5 10. Qe2 b6 11. dxc5 Bxc5 12. e4 Bb7 13. Bg5 Qb8 14. Rad1 Bb4 15.
Rd4 Bxc3 16. bxc3 e5 17. Rd2 h6 18. Rfd1 Qc7 19. Bh4 Bc6 20. Bb5 Rac8 21. c4
Rfe8 22. h3 Re6 23. Bg3 Qb7 24. Bh4 a6 25. Bxc6 Qxc6 26. c5 bxc5 27. Qc4 Kh7 28.
a5 Rb8 29. Bxf6 Nxf6 30. Rd5 Nxd5 31. exd5 Qd6 32. Qc2+ Rg6 33. Nh4 Rb4 34. Nxg6
fxg6 35. Qe2 c4 36. Qc2 Kg8 37. g3 Kf7 38. h4 h5 39. Qe4 Kg8 40. Qc2 Kh7 41. Kg2
Kg8 42. Kg1 Kf7 43. Qe4 Kg8 1/2-1/2

[Event "World Rapid 2022"]
[Site "Almaty KAZ"]
[Date "2022.12.27"]
[Round "8.4"]
[White "Sarana, Alexey"]
[Black "Duda, Jan-Krzysztof"]
[Result "1/2-1/2"]
[WhiteTitle "GM"]
[BlackTitle "GM"]
[WhiteElo "2668"]
[BlackElo "2729"]
[WhiteFideId "24133795"]
[BlackFideId "1170546"]
[EventDate "2022.12.26"]

1. d4 Nf6 2. c4 e6 3. Nc3 d5 4. cxd5 exd5 5. Bf4 Bd6 6. Bxd6 Qxd6 7. e3 c6 8.
Bd3 O-O 9. h3 Re8 10. Nf3 Nbd7 11. Qc2 Qe7 12. O-O Ne4 13. b4 Ndf6 14. b5 c5 15.
dxc5 Nxc5 16. Rac1 Nxd3 17. Qxd3 Be6 18. Nd4 Rac8 19. Nce2 Bd7 20. Nf4 h6 21.
Qb3 Qd6 22. Rfd1 Red8 23. Nde2 Be6 24. Nd4 Bd7 25. Nde2 Be6 26. Nd4 Bd7 27. Nde2
Be6 1/2-1/2

[Event "World Rapid 2022"]
[Site "Almaty KAZ"]
[Date "2022.12.27"]
[Round "8.5"]
[White "Mamedyarov, Shakhriyar"]
[Black "Petrosian, Tigran L."]
[Result "1/2-1/2"]
[WhiteTitle "GM"]
[BlackTitle "GM"]
[WhiteElo "2740"]
[BlackElo "2551"]
[WhiteFideId "13401319"]
[BlackFideId "13301616"]
[EventDate "2022.12.26"]

1. d4 d6 2. Nf3 Bg4 3. e4 e6 4. c4 Nf6 5. Nc3 Be7 6. Be2 O-O 7. O-O Bh5 8. h3
Bg6 9. Bd3 Nc6 10. Re1 Bh5 11. Be3 e5 12. d5 Nd4 13. Bxd4 exd4 14. Nb5 Bxf3 15.
Qxf3 Nd7 16. Nxd4 Bf6 17. Qe3 Re8 18. Rad1 g6 19. b3 Bg7 20. g3 Qf6 21. Bc2 a6
22. Kg2 Re7 23. f4 h5 24. Re2 Rae8 25. b4 Nb6 26. Qd3 h4 27. c5 Nxd5 28. exd5
Qxd4 29. Rxe7 Rxe7 30. cxd6 cxd6 31. Qxd4 Bxd4 32. Bd3 Bc3 33. b5 axb5 34. gxh4
b4 35. Kf3 Kg7 36. Be2 Re8 37. h5 gxh5 38. Bb5 Ra8 39. Bc4 b5 40. Bb3 Kf6 41.
Rg1 Re8 42. Rg5 Re1 43. Rxh5 Rf1+ 44. Ke3 Bb2 45. Ke4 Re1+ 46. Kf3 Rf1+ 47. Ke4
Re1+ 48. Kf3 Rf1+ 1/2-1/2

[Event "World Rapid 2022"]
[Site "Almaty KAZ"]
[Date "2022.12.27"]
[Round "8.6"]
[White "Gareyev, Timur"]
[Black "Artemiev, Vladislav"]
[Result "1/2-1/2"]
[WhiteTitle "GM"]
[BlackTitle "GM"]
[WhiteElo "2602"]
[BlackElo "2701"]
[WhiteFideId "14200937"]
[BlackFideId "24101605"]
[EventDate "2022.12.26"]

1. d4 Nf6 2. c4 e6 3. Nc3 d5 4. Bg5 Be7 5. e3 Nbd7 6. Nf3 c6 7. Bd3 h6 8. Bh4
dxc4 9. Bxc4 b5 10. Bd3 Bb7 11. O-O O-O 12. Qe2 b4 13. Na4 c5 14. dxc5 Qa5 15.
Bb5 Nxc5 16. Nxc5 Bxc5 17. Ne5 Be7 18. Rac1 Rac8 19. Bxf6 Bxf6 20. Nd7 Rfd8 21.
Nxf6+ gxf6 22. Bc4 Kf8 23. b3 Rd6 24. Rfd1 Rcd8 25. Rxd6 Rxd6 26. Qe1 Qb6 27.
Bf1 a5 28. Qe2 Rc6 29. Rd1 Qc7 30. Qh5 Kg7 31. Qg4+ Kf8 32. Qh5 Kg7 33. Qg4+ 1/2-1/2

[Event "World Rapid 2022"]
[Site "Almaty KAZ"]
[Date "2022.12.27"]
[Round "8.7"]
[White "Van Foreest, Jorden"]
[Black "Quparadze, Giga"]
[Result "0-1"]
[WhiteTitle "GM"]
[BlackTitle "GM"]
[WhiteElo "2690"]
[BlackElo "2470"]
[WhiteFideId "1039784"]
[BlackFideId "13602250"]
[EventDate "2022.12.26"]

1. Nf3 c5 2. g3 Nc6 3. Bg2 g6 4. c3 e5 5. d4 cxd4 6. cxd4 e4 7. Ne5 d5 8. Nc3
Bg7 9. O-O Nge7 10. Bf4 O-O 11. Rc1 Be6 12. Qd2 Rc8 13. Nb5 Nf5 14. Nxc6 Rxc6
15. Be5 Qb6 16. a4 Bxe5 17. dxe5 e3 18. fxe3 Nxe3 19. a5 Nxf1+ 0-1

[Event "World Rapid 2022"]
[Site "Almaty KAZ"]
[Date "2022.12.27"]
[Round "8.8"]
[White "Niemann, Hans Moke"]
[Black "Maghsoodloo, Parham"]
[Result "1/2-1/2"]
[WhiteTitle "GM"]
[BlackTitle "GM"]
[WhiteElo "2698"]
[BlackElo "2719"]
[WhiteFideId "2093596"]
[BlackFideId "12539929"]
[EventDate "2022.12.26"]

1. d4 Nf6 2. c4 e6 3. Nf3 Bb4+ 4. Bd2 a5 5. g3 d5 6. a3 Be7 7. Qc2 c6 8. Bg2
Nbd7 9. Bf4 O-O 10. O-O Nh5 11. Bc1 Nhf6 12. Nbd2 b6 13. e4 Ba6 14. e5 Ne8 15.
Re1 Rc8 16. cxd5 cxd5 17. Qd1 Bd3 18. Nf1 Bg6 19. Bf4 b5 20. Ne3 Nb6 21. Qe2 Nc4
22. Rac1 Nc7 23. h4 Na8 24. Nh2 h6 25. Nhg4 Nab6 26. Bf1 a4 27. Red1 h5 28. Nxc4
Rxc4 29. Ne3 Rxc1 30. Rxc1 Nc4 31. Bg2 Qb6 32. Rd1 Rc8 33. Bf3 b4 34. axb4 Nxe3
35. Bxe3 Qxb4 36. Qa6 Rc4 37. Ra1 Kh7 38. Bg2 Rxd4 39. Bxd4 Qxd4 40. Qxa4 Qxe5
41. Qb5 Qd4 42. Qe2 Bf6 43. Ra2 Qb6 44. Bf3 Qb3 45. Ra8 Bd3 46. Qe3 Qc2 47. b4
Qb1+ 48. Kh2 d4 49. Qd2 Bg6 50. Qd1 Qb2 51. Qe2 Qb1 52. Qd1 Qb2 53. Qe2 Qb1 54.
Qd1 Qf5 55. Qe2 Qb1 56. Qd1 Qb2 1/2-1/2

[Event "World Rapid 2022"]
[Site "Almaty KAZ"]
[Date "2022.12.27"]
[Round "8.10"]
[White "Vachier-Lagrave, Maxime"]
[Black "Paravyan, David"]
[Result "1-0"]
[WhiteTitle "GM"]
[BlackTitle "GM"]
[WhiteElo "2737"]
[BlackElo "2586"]
[WhiteFideId "623539"]
[BlackFideId "4194985"]
[EventDate "2022.12.26"]

1. e4 e5 2. Nf3 Nf6 3. Nxe5 d6 4. Nd3 Nxe4 5. Nf4 d5 6. d4 Be7 7. Bd3 Nc6 8. c3
O-O 9. O-O Re8 10. Nd2 Nf6 11. Re1 Bd6 12. Rxe8+ Qxe8 13. Nh5 Ne4 14. Nxe4 dxe4
15. Bc4 Qe7 16. Bf4 Bf5 17. Qd2 Na5 18. Bf1 Bg6 19. Ng3 Qe6 20. h4 h5 21. Bxd6
cxd6 22. d5 e3 23. Qd4 exf2+ 24. Kxf2 Qe7 25. Re1 Qc7 26. b4 Rc8 27. bxa5 Qxa5
28. Bd3 Qxc3 29. Re8+ Kh7 30. Bxg6+ fxg6 31. Qxc3 Rxc3 32. Ne4 Rc2+ 33. Kf3 g5
34. Nxg5+ Kg6 35. Re2 Rc4 36. Re4 Rc1 37. Re6+ Kf5 38. Ne4 Rf1+ 39. Kg3 Rd1 40.
Nxd6# 1-0

[Event "World Rapid 2022"]
[Site "Almaty KAZ"]
[Date "2022.12.27"]
[Round "8.11"]
[White "Shimanov, Aleksandr"]
[Black "Nepomniachtchi, Ian"]
[Result "0-1"]
[WhiteTitle "GM"]
[BlackTitle "GM"]
[WhiteElo "2581"]
[BlackElo "2793"]
[WhiteFideId "4198603"]
[BlackFideId "4168119"]
[EventDate "2022.12.26"]

1. e4 c5 2. c3 d5 3. exd5 Qxd5 4. d4 Nf6 5. Nf3 Bg4 6. dxc5 Qxd1+ 7. Kxd1 e5 8.
h3 Bxf3+ 9. gxf3 Bxc5 10. Bb5+ Nbd7 11. Ke2 a6 12. Ba4 O-O-O 13. Nd2 Nd5 14. Ne4
Be7 15. Bb3 N7b6 16. Be3 Kc7 17. Rhg1 g6 18. Rad1 f5 19. Ng5 Bxg5 20. Bxg5 Nf4+
21. Bxf4 exf4 22. Rxd8 Rxd8 23. Rd1 Rxd1 24. Kxd1 Nd7 25. Ke2 Kd6 26. Bg8 Nf6
27. Bf7 g5 28. b4 h5 29. a4 h4 30. Bg6 Ke5 31. c4 Ke6 32. a5 Ke5 33. Bf7 Kd6 34.
Kf1 Nd7 35. Bd5 Kc7 36. Be6 Ne5 37. Ke2 Nc6 38. Kd3 Nxb4+ 39. Kd4 Kd6 40. Bxf5
Nc6+ 41. Ke4 Nxa5 42. Bc8 Nb3 43. Kf5 a5 44. Bxb7 a4 45. Be4 Nd2 46. Bd5 a3 47.
Bg8 Kc5 0-1

[Event "World Rapid 2022"]
[Site "Almaty KAZ"]
[Date "2022.12.27"]
[Round "8.12"]
[White "Grischuk, Alexander"]
[Black "Donchenko, Alexander"]
[Result "1-0"]
[WhiteTitle "GM"]
[BlackTitle "GM"]
[WhiteElo "2745"]
[BlackElo "2636"]
[WhiteFideId "4126025"]
[BlackFideId "24603295"]
[EventDate "2022.12.26"]

1. e4 c5 2. Nc3 a6 3. Nf3 d6 4. g3 Nf6 5. Bg2 e6 6. O-O Be7 7. e5 dxe5 8. Nxe5
Nbd7 9. d4 O-O 10. Bf4 Nb6 11. dxc5 Nbd5 12. Nxd5 Nxd5 13. Bd2 Bxc5 14. c4 Nf6
15. Bc3 Qc7 16. Qe2 a5 17. Rad1 Ra6 18. g4 Bb4 19. Bd4 Bc5 20. Bxc5 Qxc5 21. g5
Nh5 22. Qe3 Qxe3 23. fxe3 f6 24. Nd7 Rf7 25. Nc5 Rb6 26. Bf3 g6 27. Rd8+ Rf8 28.
Rxf8+ Kxf8 29. Bxh5 gxh5 30. Rxf6+ Kg7 31. Nd3 Bd7 32. b3 Rd6 33. Ne5 Be8 34. h4
Bg6 35. Nxg6 hxg6 36. Kg2 a4 37. bxa4 Rc6 38. a5 Rxc4 39. Rxe6 Ra4 40. Re5 Rxa2+
41. Kf3 Ra4 42. Rb5 Kf8 43. e4 Ke8 44. Kf4 Kf8 45. Ke5 Ke8 46. Kf6 Rxe4 47. Rxb7 1-0

[Event "World Rapid 2022"]
[Site "Almaty KAZ"]
[Date "2022.12.27"]
[Round "8.14"]
[White "Predke, Alexandr"]
[Black "Yu, Yangyi"]
[Result "0-1"]
[WhiteTitle "GM"]
[BlackTitle "GM"]
[WhiteElo "2684"]
[BlackElo "2728"]
[WhiteFideId "24107581"]
[BlackFideId "8603820"]
[EventDate "2022.12.26"]

1. Nf3 d5 2. g3 Nf6 3. Bg2 e6 4. c4 Be7 5. O-O O-O 6. d4 dxc4 7. Nc3 Nc6 8. e4
a6 9. h4 b5 10. e5 Nd5 11. Ng5 h6 12. Nh3 b4 13. Nxd5 exd5 14. Nf4 Be6 15. Nxe6
fxe6 16. Qg4 Rf5 17. Bxh6 Qf8 18. Be3 a5 19. f4 Nd8 20. Qg6 Qf7 21. Qxf7+ Rxf7
22. f5 c6 23. Bh3 a4 24. fxe6 Rxf1+ 25. Rxf1 a3 26. Bg5 Ra7 27. bxa3 bxa3 28.
Rb1 Bxg5 29. hxg5 Kf8 30. Rb8 Ke7 31. Kf2 Rb7 32. Rc8 Nxe6 33. Bxe6 Kxe6 34. g4
Rb2+ 35. Ke3 Rxa2 36. Rxc6+ Kd7 37. Rd6+ Ke7 38. Rxd5 Ra1 39. Ra5 a2 40. Ra7+
Kd8 41. Ra8+ Kc7 42. Ra7+ 0-1

[Event "World Rapid 2022"]
[Site "Almaty KAZ"]
[Date "2022.12.27"]
[Round "8.15"]
[White "Giri, Anish"]
[Black "Maze, Sebastien"]
[Result "1-0"]
[WhiteTitle "GM"]
[BlackTitle "GM"]
[WhiteElo "2764"]
[BlackElo "2538"]
[WhiteFideId "24116068"]
[BlackFideId "613762"]
[EventDate "2022.12.26"]

1. e4 c5 2. Nf3 Nc6 3. Bb5 g6 4. Bxc6 bxc6 5. O-O Bg7 6. Re1 Nh6 7. c3 O-O 8. h3
Qb6 9. d4 d6 10. Na3 cxd4 11. cxd4 f6 12. b3 Nf7 13. Be3 Qa6 14. Nc2 e5 15. Qd2
Be6 16. Nb4 Qb7 17. Rac1 Rfc8 18. dxe5 fxe5 19. Ng5 Nxg5 20. Bxg5 Bf8 21. Nd3 a5
22. Rc3 a4 23. b4 a3 24. Rec1 Qb5 25. R1c2 Bf7 26. Qc1 Qa4 27. f3 Ra6 28. Kh1
Rca8 29. Bh6 Be7 30. f4 exf4 31. Qxf4 Qb5 32. Rf2 Be6 33. Nc5 Bxa2 34. Nxa6 1-0

[Event "World Rapid 2022"]
[Site "Almaty KAZ"]
[Date "2022.12.27"]
[Round "8.16"]
[White "Mamedov, Rauf"]
[Black "Esipenko, Andrey"]
[Result "1-0"]
[WhiteTitle "GM"]
[BlackTitle "GM"]
[WhiteElo "2646"]
[BlackElo "2678"]
[WhiteFideId "13401653"]
[BlackFideId "24175439"]
[EventDate "2022.12.26"]

1. e4 e5 2. Nf3 Nc6 3. Bb5 a6 4. Ba4 Nf6 5. Nc3 b5 6. Bb3 Bc5 7. Nd5 Nxe4 8. d4
Be7 9. O-O O-O 10. Re1 Nd6 11. Nxe5 Bf6 12. c3 Nf5 13. Nxf7 Rxf7 14. Nxf6+ 1-0

[Event "World Rapid 2022"]
[Site "Almaty KAZ"]
[Date "2022.12.27"]
[Round "8.17"]
[White "Chigaev, Maksim"]
[Black "Vidit, Santosh Gujrathi"]
[Result "1/2-1/2"]
[WhiteTitle "GM"]
[BlackTitle "GM"]
[WhiteElo "2632"]
[BlackElo "2730"]
[WhiteFideId "4108116"]
[BlackFideId "5029465"]
[EventDate "2022.12.26"]

1. e4 e5 2. Nf3 Nc6 3. Bc4 Bc5 4. c3 Nf6 5. d3 d6 6. Bg5 h6 7. Bh4 a5 8. Nbd2
Ba7 9. Qe2 Bd7 10. O-O-O Qe7 11. Bb5 g5 12. Bg3 Nh5 13. Nc4 g4 14. Nfd2 Qg5 15.
Kb1 Kf8 16. f3 Be6 17. fxg4 Nxg3 18. hxg3 Ne7 19. Rh4 Ng6 20. Nf3 Qe7 21. Ne3
Nxh4 22. Nxh4 Bxe3 23. Qxe3 Qg5 24. Qf2 Qxg4 25. Rf1 Rg8 26. Qf6 Rg7 27. Qxh6
Kg8 28. Nf5 Bxf5 29. exf5 Qg5 30. Qh1 c6 31. Ba4 Qxg3 32. f6 Rh7 33. Qg1 Rh2 34.
Rf3 Qh4 35. Rh3 Qxa4 36. Rxh2 Qf4 37. g4 Qxf6 38. Qh1 Re8 39. Rh6 Qg7 40. Rxd6
Qxg4 41. Rh6 Kf8 42. a3 Ke7 43. Qe1 Kd7 44. Rf6 Re7 45. Qf1 Ke8 46. Ka2 e4 47.
dxe4 Qxe4 48. c4 a4 49. Qc1 Qd3 50. Ka1 Re4 51. Rf1 Qxc4 52. Qd1 Qe2 53. Qb1 b5
54. Rh1 Kd7 55. Qg1 Qe3 56. Qg7 Qf3 57. Rc1 Rc4 58. Re1 Qf5 59. Qf8 Kc7 60. Re7+
Kb6 61. Qb8+ Kc5 62. Re5+ Qxe5 63. Qxe5+ Kb6 64. Qb8+ Ka6 65. Qf8 Kb6 66. Qxf7
Rc1+ 67. Ka2 Rc4 68. Qe7 Ka6 69. Qc7 Rc5 70. b4 axb3+ 71. Kxb3 Rc4 72. a4 Rxa4
73. Qxc6+ Ka5 74. Qa8+ Kb6 75. Qb8+ Ka6 76. Qd6+ Ka5 77. Qc5 Ka6 78. Qc8+ Kb6
79. Qe6+ Ka5 80. Kc3 Rc4+ 81. Kd3 Ra4 82. Qe1+ Kb6 83. Qg1+ Ka6 84. Qg7 Kb6 85.
Qf6+ Ka5 86. Qd8+ Ka6 87. Qd5 Rc4 88. Qd6+ Ka5 89. Kd2 Ra4 90. Kc3 Rc4+ 91. Kb2
Rb4+ 92. Ka3 Ra4+ 93. Kb3 Rc4 94. Qf8 Kb6 95. Qb8+ Ka6 96. Qa8+ Kb6 97. Qd8+ Ka6
98. Qd7 Kb6 99. Qd8+ 1/2-1/2

[Event "World Rapid 2022"]
[Site "Almaty KAZ"]
[Date "2022.12.27"]
[Round "8.18"]
[White "Cheparinov, Ivan"]
[Black "Yakubboev, Nodirbek"]
[Result "1/2-1/2"]
[WhiteTitle "GM"]
[BlackTitle "GM"]
[WhiteElo "2688"]
[BlackElo "2647"]
[WhiteFideId "2905540"]
[BlackFideId "14203987"]
[EventDate "2022.12.26"]

1. d4 Nf6 2. c4 g6 3. Nc3 Bg7 4. e4 d6 5. Nf3 O-O 6. Be2 Na6 7. O-O e5 8. Re1
Bg4 9. Be3 exd4 10. Nxd4 Bxe2 11. Qxe2 Re8 12. f3 c6 13. Rad1 Nd7 14. b3 Qa5 15.
Qd2 Rad8 16. Bf2 Nac5 17. Qc2 Ne5 18. h3 Qc7 19. f4 Ned7 20. b4 Ne6 21. Nde2 a5
22. a3 axb4 23. axb4 Bh6 24. g3 Nf6 25. Qd3 Nh5 26. Qf3 Ra8 27. Rd3 Bf8 28. Red1
Nf6 29. Be3 Ng7 30. g4 Qe7 31. Ng3 Qe6 32. Bd4 Be7 33. f5 Qxc4 34. fxg6 fxg6 35.
Bxf6 Rf8 36. e5 d5 37. Rd4 Qb3 38. Rb1 Qc2 39. Qd3 Qxd3 40. Rxd3 Bxf6 41. exf6
Rxf6 42. b5 Ne6 43. bxc6 bxc6 44. Nge2 h5 45. gxh5 gxh5 46. Rf1 Kf7 47. Rdf3
Rg8+ 48. Ng3 Rxf3 49. Rxf3+ Ke7 50. Kf2 Rg5 51. Rf5 h4 52. Rxg5 1/2-1/2

[Event "World Rapid 2022"]
[Site "Almaty KAZ"]
[Date "2022.12.27"]
[Round "8.19"]
[White "Gelfand, Boris"]
[Black "Sargsyan, Shant"]
[Result "1/2-1/2"]
[WhiteTitle "GM"]
[BlackTitle "GM"]
[WhiteElo "2667"]
[BlackElo "2645"]
[WhiteFideId "2805677"]
[BlackFideId "13306766"]
[EventDate "2022.12.26"]

1. d4 Nf6 2. c4 e6 3. Nf3 d5 4. g3 Bb4+ 5. Bd2 a5 6. Bg2 O-O 7. Qc1 c6 8. O-O
Nbd7 9. Bxb4 axb4 10. Nbd2 b6 11. Ne5 Nxe5 12. dxe5 Nd7 13. cxd5 cxd5 14. Nf3
Ba6 15. Qe3 Rc8 16. Nd4 Rc4 17. f4 Qc7 18. Kh1 Rc8 19. Rad1 Bb7 20. f5 Qxe5 21.
Qxe5 Nxe5 22. fxe6 fxe6 23. Bh3 Re8 24. Bxe6+ Kh8 25. Rf5 Nc6 26. Rdf1 g6 27.
Rf8+ Rxf8 28. Rxf8+ Kg7 29. Rf7+ Kh6 30. Rxb7 Nxd4 31. Bxd5 Rc2 32. Bg8 Rxe2 33.
Rxh7+ Kg5 34. Rf7 Nf5 35. Rc7 Ne3 36. Rc1 Rxb2 37. Re1 Ng4 38. h4+ Kf6 39. Kg1
Rd2 40. Re4 Ne5 41. Rf4+ Kg7 42. Bb3 b5 43. Kf1 Nc4 44. g4 g5 45. hxg5 Kg6 46.
Ke1 Rd5 47. Bxc4 bxc4 48. Rxc4 Ra5 49. Rc2 Ra3 50. Rb2 Kxg5 51. Kd2 Kxg4 52.
Rxb4+ Kf5 53. Rb2 Ke5 54. Kc1 Kd6 55. Rc2 Ra5 56. Kb2 1/2-1/2

[Event "World Rapid 2022"]
[Site "Almaty KAZ"]
[Date "2022.12.27"]
[Round "8.20"]
[White "Anton Guijarro, David"]
[Black "Petrosyan, Manuel"]
[Result "0-1"]
[WhiteTitle "GM"]
[BlackTitle "GM"]
[WhiteElo "2675"]
[BlackElo "2621"]
[WhiteFideId "2285525"]
[BlackFideId "13300857"]
[EventDate "2022.12.26"]

1. Nf3 Nf6 2. b3 d5 3. Bb2 Bf5 4. Nh4 Bg6 5. Nxg6 hxg6 6. g3 Nc6 7. Bg2 e5 8. a3
a5 9. d3 Bc5 10. e3 g5 11. Nd2 Qd7 12. Qe2 g4 13. c3 Kf8 14. b4 axb4 15. cxb4
Bd6 16. O-O Qf5 17. Rfc1 Qh5 18. Nf1 Nd8 19. f4 gxf3 20. Qxf3 Qg6 21. e4 dxe4
22. dxe4 Rh5 23. Re1 Ne6 24. Rad1 Ng4 25. h3 Nf6 26. h4 Nd4 27. Bxd4 exd4 28.
Rxd4 Re8 29. Red1 Kg8 30. R1d3 Rhe5 31. Nd2 b5 32. Kf1 Ng4 33. Kg1 Nf6 34. Kh2
Rh5 35. Kh3 Nd7 36. Qg4 Qxg4+ 37. Kxg4 Rh6 38. Kh3 Ne5 39. Rc3 g5 40. Bf3 gxh4
41. gxh4 Ree6 42. Bd1 Reg6 43. h5 Rg1 44. Nb3 Ng6 45. Rc2 Nf4+ 46. Kh4 Be7# 0-1

[Event "World Rapid 2022"]
[Site "Almaty KAZ"]
[Date "2022.12.27"]
[Round "8.21"]
[White "Cheng, Bobby"]
[Black "Sargissian, Gabriel"]
[Result "1/2-1/2"]
[WhiteTitle "GM"]
[BlackTitle "GM"]
[WhiteElo "2583"]
[BlackElo "2699"]
[WhiteFideId "4300033"]
[BlackFideId "13300881"]
[EventDate "2022.12.26"]

1. d4 d5 2. c4 e6 3. Nf3 Nf6 4. g3 Bb4+ 5. Bd2 Be7 6. Bg2 O-O 7. O-O Nbd7 8. c5
b6 9. c6 Nb8 10. Qc2 Ne4 11. Bf4 a5 12. Ne5 Nd6 13. Rc1 Nf5 14. Rd1 Bd6 15. e4
Ne7 16. Nc3 Nbxc6 17. Nxc6 Nxc6 18. Bxd6 Qxd6 19. exd5 Nb4 20. Qb3 Nxd5 21. Nxd5
exd5 22. Qxd5 Ra7 23. Qxd6 cxd6 24. Rac1 Bd7 25. Re1 Rd8 26. Bd5 Kf8 27. Re3 Re8
28. Rf3 Re7 29. Kg2 Ke8 30. Rcc3 f6 31. Rfe3 1/2-1/2

[Event "World Rapid 2022"]
[Site "Almaty KAZ"]
[Date "2022.12.27"]
[Round "8.22"]
[White "Lazavik, Denis"]
[Black "Andreikin, Dmitry"]
[Result "0-1"]
[WhiteTitle "GM"]
[BlackTitle "GM"]
[WhiteElo "2537"]
[BlackElo "2729"]
[WhiteFideId "13515110"]
[BlackFideId "4158814"]
[EventDate "2022.12.26"]

1. d4 Nf6 2. c4 e6 3. Nf3 a6 4. Nc3 d5 5. cxd5 exd5 6. Bg5 Be6 7. e3 Nbd7 8. Bd3
h6 9. Bh4 Bd6 10. O-O O-O 11. h3 Re8 12. Ne2 c6 13. Nd2 Nf8 14. Rc1 Ng6 15. Bxg6
fxg6 16. Bg3 g5 17. Qb3 Re7 18. Rce1 Qc7 19. Bxd6 Qxd6 20. Ng3 Rae8 21. Qc2 Qd7
22. Nf3 g4 23. Ne5 Qd8 24. hxg4 Nxg4 25. f4 Bc8 26. Qg6 Nf6 27. Rf3 Rf8 28. Kf2
Ne4+ 29. Nxe4 Bf5 30. Qh5 Bxe4 31. Rg3 Rf6 32. Ng4 Ree6 33. Nxf6+ Rxf6 34. Kg1
Kh7 35. Qh4 Qa5 36. Rf1 Bd3 37. Rff3 Be4 38. Qg4 Rg6 39. Qh5 Rf6 40. Rf1 Bd3 41.
Rd1 Bc2 42. Ra1 Qb4 43. Qe2 Qxb2 44. Rf1 Qxa2 45. f5 Qc4 46. Qg4 Rf7 47. Qg6+
Kg8 48. Qe6 Qb4 49. f6 g5 50. Qe5 Bd3 51. Rff3 Be4 52. Rf4 Kh8 53. Rf1 Kh7 54.
Rg4 Bd3 55. Rf3 Kg6 56. e4 Qb1+ 57. Kh2 Bxe4 58. Qe8 Bxf3 59. Qg8+ Kxf6 60. Qh8+
Ke7 61. gxf3 Rxf3 62. Qe5+ Kd7 63. Qg7+ Kc8 64. Rg2 Qe4 0-1

[Event "World Rapid 2022"]
[Site "Almaty KAZ"]
[Date "2022.12.27"]
[Round "8.23"]
[White "Nihal, Sarin"]
[Black "Sadhwani, Raunak"]
[Result "1/2-1/2"]
[WhiteTitle "GM"]
[BlackTitle "GM"]
[WhiteElo "2670"]
[BlackElo "2627"]
[WhiteFideId "25092340"]
[BlackFideId "35093487"]
[EventDate "2022.12.26"]

1. Nc3 Nf6 2. e4 e5 3. g3 c6 4. Bg2 d5 5. d3 dxe4 6. Nxe4 Nxe4 7. Bxe4 Nd7 8.
Bg2 Bb4+ 9. c3 Bd6 10. Nf3 O-O 11. O-O Nf6 12. Re1 Re8 13. Bg5 h6 14. Bxf6 Qxf6
15. Qb3 Re7 16. Nd2 Bf5 17. Ne4 Qg6 18. Re3 Rd7 19. Nxd6 Qxd6 20. Rae1 Rad8 21.
Rxe5 Bxd3 22. Bh3 Rc7 23. Re8+ Rxe8 24. Rxe8+ Kh7 25. Qd1 Qd5 26. b3 Be4 27.
Qxd5 cxd5 28. Rc8 Re7 29. f4 Bb1 30. Bg2 Bxa2 31. Bxd5 b6 32. Kf2 g6 33. Rd8 Rc7
34. Ke2 Rxc3 35. Rd7 a5 36. Kd2 Rc5 37. Bxf7 Kh8 38. h4 Rc6 39. Bd5 Rc5 40. Bf7
Rc6 41. g4 b5 42. Bd5 Rf6 43. Ke3 a4 44. Rd8+ Kg7 45. Rd7+ Kh8 46. bxa4 Bxd5 47.
Rxd5 bxa4 48. Ra5 Re6+ 49. Kd4 Kg7 50. Rxa4 Re1 51. Ra7+ Kg8 52. g5 hxg5 53.
hxg5 Kf8 54. Kd5 Re2 55. Ra4 Kf7 56. Ra7+ Kf8 57. Ra5 Kf7 58. Rb5 Re1 59. Kd6
Re4 60. f5 gxf5 61. Rxf5+ Kg6 62. Re5 Rxe5 63. Kxe5 Kxg5 1/2-1/2

[Event "World Rapid 2022"]
[Site "Almaty KAZ"]
[Date "2022.12.27"]
[Round "8.24"]
[White "Daneshvar, Bardiya"]
[Black "Tomashevsky, Evgeny"]
[Result "0-1"]
[WhiteTitle "IM"]
[BlackTitle "GM"]
[WhiteElo "2500"]
[BlackElo "2694"]
[WhiteFideId "12576468"]
[BlackFideId "4147235"]
[EventDate "2022.12.26"]

1. Nf3 d5 2. g3 g6 3. Bg2 Bg7 4. d4 Nf6 5. O-O O-O 6. c4 c6 7. cxd5 cxd5 8. Nc3
Nc6 9. Ne5 e6 10. Bf4 Bd7 11. Nxc6 Bxc6 12. Be5 Qb6 13. Qc2 Rfc8 14. Rac1 Ne8
15. Bxg7 Kxg7 16. e3 Nd6 17. Qb1 Rc7 18. Rc2 Bb5 19. Nxb5 Rxc2 20. Qxc2 Qxb5 21.
Rc1 Rc8 22. Qb1 Qa5 23. Rxc8 Nxc8 24. Bf1 Nd6 25. Bd3 b5 26. Kg2 h6 27. b3 Qc3
28. Qc2 Qxc2 29. Bxc2 b4 30. Bd3 g5 31. f3 f6 32. e4 dxe4 33. fxe4 e5 34. dxe5
fxe5 35. Kf3 Kf6 36. h3 Kf7 37. Ke3 Ke7 38. Be2 Kd7 39. Bd3 Kc6 40. Be2 Kc5 41.
Ba6 Ne8 42. Be2 Nf6 43. Bc4 Nh5 44. g4 Nf4 45. Bf1 a5 46. Ba6 Nxh3 47. Bf1 Nf4
48. Ba6 h5 49. gxh5 Nxh5 50. Bc8 Nf6 51. Bf5 g4 52. Be6 g3 53. Bf5 g2 54. Kf2
Kd4 55. Kxg2 Nxe4 0-1